Normal view
MARC view
Entry Personal Name
001 - CONTROL NUMBER
- control field: 767294
003 - CONTROL NUMBER IDENTIFIER
- control field: OSt
005 - DATE AND TIME OF LATEST TRANSACTION
- control field: 20250508155706.0
008 - FIXED-LENGTH DATA ELEMENTS
- fixed length control field: 250508|| aca||aabn | a|a d
040 ## - CATALOGING SOURCE
- Original cataloging agency: OSt
- Transcribing agency: OSt
100 ## - HEADING--PERSONAL NAME
- Personal name: Sharma Pramod Chandra
670 ## - SOURCE DATA FOUND
- Source citation: Work cat.: (OSt)1358830: Sharma Pramod Chandra, Study of teaching role perception physics teachers of higher sec.schools of the union territory of Delhi, 1970
